Central Library OPAC University of Rajshahi

কাব্য-সংকলন : (Record no. 48499)

MARC details
000 -LEADER
fixed length control field 00933nam a2200229 a 4500
001 - CONTROL NUMBER
control field 48499
003 - CONTROL NUMBER IDENTIFIER
rucl marc code BD-RjUL
005 - DATE AND TIME OF LATEST TRANSACTION
control field 20211209054532.0
008 - FIXED-LENGTH DATA ELEMENTS--GENERAL INFORMATION
fixed length control field 160514s1967 bg a|||| |||| 00| 0 ben d
035 ## - SYSTEM CONTROL NUMBER
System control number (BD-RjUL)48618
040 ## - CATALOGING SOURCE
Original cataloging agency BD-RjUL
Language of cataloging ben
Transcribing agency BD-RjUL
041 ## - LANGUAGE CODE
Language code of text/sound track or separate title ben
-- eng
082 ## - DEWEY DECIMAL CLASSIFICATION NUMBER
Edition number 23
Classification number 891.44108
Author mark and year MOK 1967
100 1# - MAIN ENTRY--PERSONAL NAME
Personal name মোস্তফা, গোলাম
9 (RLIN) 124144
245 10 - TITLE STATEMENT
Title কাব্য-সংকলন :
Remainder of title গোলাম মোস্তফা /
Statement of responsibility, etc. সৈয়দ আলী আশরাফ (সম্পাদক)
260 ## - PUBLICATION, DISTRIBUTION, ETC. (IMPRINT)
Place of publication, distribution, etc. ঢাকা :
Name of publisher, distributor, etc. বাংলা একাডেমী,
Date of publication, distribution, etc. ১৯৬৭
300 ## - PHYSICAL DESCRIPTION
Pagination [দশ], ১০৩ পৃ. ;
Size ২১ সেমি.
650 ## - SUBJECT ADDED ENTRY--TOPICAL TERM
Topical term or geographic name as entry element বাংলা
General subdivision সংগ্রহ
9 (RLIN) 126131
Form subdivision কবিতা
Topical term or geographic name as entry element Bengali
General subdivision Collection
9 (RLIN) 126132
Form subdivision Poetry
700 ## - ADDED ENTRY--PERSONAL NAME
Personal name আশরাফ, সৈয়দ আলী (সম্পাদক)
942 ## - ADDED ENTRY ELEMENTS (KOHA)
Source of classification or shelving scheme Dewey Decimal Classification
Koha item type Books
Holdings
Lost status Source of classification or shelving scheme Damaged status Not for loan Collection code Permanent Location Current Location Shelving location Date acquired Source of acquisition Cost, normal purchase price Total Checkouts Full call number Date last seen Copy number Koha item type
  Dewey Decimal Classification     Non-fiction Central Library, University of Rajshahi Central Library, University of Rajshahi     Nawroge Kitabstan 3.50   B 891.44108 MOK 1967 14/08/2016 C-2 Books
  Dewey Decimal Classification     Non-fiction Central Library, University of Rajshahi Central Library, University of Rajshahi     Nawroge Kitabstan 3.50   B 891.44108 MOK 1967 14/08/2016 C-3 Books